| Tag |
First Indicator |
Second Indicator |
Subfields |
| LEADER |
00000cam a2200000 i 4500 |
| 001 |
in00003781021 |
| 005 |
20170927140424.0 |
| 008 |
151028t20162016iluab b 001 0 eng c |
| 010 |
|
|
|a 2015042386
|
| 020 |
|
|
|a 9780226351056
|q (cloth :
|q alk. paper)
|
| 020 |
|
|
|a 022635105X
|q (cloth :
|q alk. paper)
|
| 020 |
|
|
|a 9780226351193
|q (pbk. :
|q alk. paper)
|
| 020 |
|
|
|a 022635119X
|q (pbk. :
|q alk. paper)
|
| 020 |
|
|
|z 9780226351223
|q (e-book)
|
| 035 |
|
|
|a (OCoLC)ocn920017502
|
| 040 |
|
|
|a ICU/DLC
|e rda
|c DLC
|d TXA
|d UtOrBLW
|
| 043 |
|
|
|a n-us-la
|
| 049 |
|
|
|a TXAM
|
| 050 |
0 |
0 |
|a F379.N547
|b D39 2016
|
| 082 |
0 |
0 |
|a 976.3/35
|2 23
|
| 100 |
1 |
|
|a Dawdy, Shannon Lee,
|d 1967-
|e author.
|0 http://id.loc.gov/authorities/names/n2005001306
|
| 245 |
1 |
0 |
|a Patina :
|b a profane archaeology /
|c Shannon Lee Dawdy.
|
| 264 |
|
1 |
|a Chicago :
|b University of Chicago Press,
|c [2016]
|
| 264 |
|
4 |
|c ©2016
|
| 300 |
|
|
|a xv, 195 pages :
|b illustrations, map ;
|c 24 cm.
|
| 336 |
|
|
|a text
|b txt
|2 rdacontent
|
| 337 |
|
|
|a unmediated
|b n
|2 rdamedia
|
| 338 |
|
|
|a volume
|b nc
|2 rdacarrier
|
| 504 |
|
|
|a Includes bibliographical references and index.
|
| 505 |
0 |
0 |
|t Introduction: Katrina, nostalgia, profanity --
|t Ruins and heterogeneous time --
|t A haunted house society --
|t "French" things --
|t The antique fetish --
|t Conclusion: patina, chronotopia, mana.
|
| 650 |
|
0 |
|a Material culture
|x Social aspects
|z Louisiana
|z New Orleans.
|
| 650 |
|
0 |
|a Antiques
|x Social aspects
|z Louisiana
|z New Orleans.
|
| 650 |
|
0 |
|a Historic districts
|x Social aspects
|z Louisiana
|z New Orleans.
|
| 650 |
|
0 |
|a Historic buildings
|x Social aspects
|z Louisiana
|z New Orleans.
|
| 650 |
|
0 |
|a Historic preservation
|x Social aspects
|z Louisiana
|z New Orleans.
|
| 650 |
|
0 |
|a Archaeology and history
|z Louisiana
|z New Orleans.
|
| 650 |
|
0 |
|a Excavations (Archaeology)
|z Louisiana
|z New Orleans.
|
| 651 |
|
0 |
|a New Orleans (La.)
|x Antiquities.
|
| 945 |
|
|
|a PromptCat
|
| 948 |
|
|
|a cataloged
|b h
|c 2016/7/5
|d c
|e dmitchel
|f 2:00:00 pm
|
| 994 |
|
|
|a C0
|b TXA
|
| 999 |
f |
f |
|s d52a070a-42f3-3246-80f0-9f72c37330ec
|i 86f24e45-6808-3755-973a-e2eee6779d77
|t 0
|
| 952 |
f |
f |
|p normal
|a Texas A&M University
|b College Station
|c Sterling C. Evans Library
|s Evans stk
|d Evans: Library Stacks
|t 0
|e F379.N547 D39 2016
|h Library of Congress classification
|i unmediated -- volume
|m A14843416315
|
| 998 |
f |
f |
|a F379.N547 D39 2016
|t 0
|l Evans: Library Stacks
|